[Event "SRI-chB"]
[Site "Colombo"]
[Date "2018.03.01"]
[Round "2"]
[White "Randil, Lakshita"]
[Black "Munasinghe, Minura V"]
[Result "1-0"]
[WhiteElo "1910"]
[BlackElo "1688"]
[PlyCount "107"]
[EventDate "2018.03.01"]
[EventType "swiss"]
[EventRounds "10"]
[EventCountry "SRI"]
[SourceTitle "EXT 2019"]
[Source "ChessBase"]
[SourceDate "2018.10.10"]
[SourceVersion "1"]
[SourceVersionDate "2018.10.10"]
[SourceQuality "1"]

1. d4 d5 2. c4 e6 3. Nf3 c6 4. Qc2 Bd6 5. g3 f5 6. Bg2 Nf6 7. 0-0 0-0 8. Bf4 Bxf4 9. gxf4 Bd7 10. Nbd2 Be8 11. cxd5 cxd5 12. Rac1 Nc6 13. Qc5 Ne4 14. Qc2 Bh5 15. e3 Rf6 16. Ne5 Nxe5 17. dxe5 Rg6 18. f3 Nxd2 19. Qxd2 Rh6 20. Qf2 Be8 21. Rc2 Bc6 22. Rfc1 a6 23. Kh1 g5 24. fxg5 Qxg5 25. f4 Qh4 26. Qxh4 Rxh4 27. h3 Rh6 28. Kh2 Rg6 29. Bf3 Kh8 30. Rg2 Rxg2+ 31. Kxg2 Rg8+ 32. Kf2 Rg7 33. Bg2 Kg8 34. Bf1 Rc7 35. a4 Kf8 36. b4 Rc8 37. Be2 Bd7 38. Rxc8+ Bxc8 39. a5 Bd7 40. Ke1 Ke7 41. Kd2 Kd8 42. Kc3 Kc7 43. Kd4 b5 44. Bh5 Bc6 45. Kc5 Bd7 46. Bf7 h6 47. h4 Bc8 48. Be8 Bb7 49. h5 d4 50. exd4 Bd5 51. Bf7 Bc4 52. Bg6 Bd5 53. Bxf5 exf5 54. Kxd5 1-0